000 01232nam a2200277 a 4500
999 _c490021
_d490021
003 BLK
005 20250116114224.0
008 230323b bu ||||| |||| 00| 0 bu d
020 _a9789542840527
040 _aBLK
041 _aBUL
_cBUL
080 _aИмунитет. Приспособяемост (адаптация) на организма. Токсини. Антитоксини
_b612.017
_x-053.2
_z612.017-053.2
100 _aВеликова, Цветелина Веселинова
_eпърви автор
_9486973
139 _aВеликова, Цветелина Веселинова
_bВ 39
245 _aДетският имунитет
_bКолко често е "честото" боледуване от инфекции
_cЦветелина Великова
260 _9217021
_aСофия
_bСиела Норма
_c2022
_f([София] : [Алианс принт])
_n978-954-28-
300 _a288 с.
_c23 см
380 _a61
650 7 _9157115
_aИмунитет
653 7 _9184884
_aдеца
653 7 _9193491
_aпедиатрия
653 7 _9190721
_aмедицина
856 _i0.00
_ldisable
942 _cKNG
_n0
_s1
_03
944 _aCR
_c2023-03-23
_k30538
_lСилвия Димитрова